|
|
|
|
| LEADER |
01176nam a2200313 a 4500 |
| 001 |
AAL167 |
| 003 |
BD-DhAAL |
| 005 |
20160210173026.0 |
| 008 |
150212s1992 ii b 000 0 eng |
| 010 |
|
|
|a 91034552
|
| 020 |
|
|
|a 8170362628 (India : hb)
|
| 020 |
|
|
|a 0803994087 (US : hb)
|
| 040 |
|
|
|a DLC
|c DLC
|d DLC
|d BD-DhAAL
|
| 050 |
0 |
0 |
|a HV696.F6
|b V46 1992
|
| 082 |
0 |
0 |
|a 363.8/83/0954
|2 20
|
| 999 |
|
|
|c 33673
|d 33673
|
| 999 |
|
|
|c 33673
|
| 100 |
1 |
|
|a Venugopal, K. R.,
|d 1937-
|9 8312
|
| 245 |
1 |
0 |
|a Deliverance from hunger :
|b the public distribution system in India /
|c K.R. Venugopal.
|
| 260 |
|
|
|a New Delhi ;
|a Newbury Park, Calif. :
|b Sage Publications,
|c 1992.
|
| 300 |
|
|
|a 223 p. ;
|c 23 cm.
|
| 500 |
|
|
|a "Under the auspices of the Centre for Policy Research."
|
| 504 |
|
|
|a Includes bibliographical references.
|
| 541 |
|
|
|e 167
|
| 650 |
|
0 |
|a Food relief
|z India.
|9 8313
|
| 650 |
|
0 |
|a Rural poor
|z India.
|9 8314
|
| 710 |
2 |
|
|a Centre for Policy Research (New Delhi, India)
|9 8315
|
| 942 |
|
|
|2 ddc
|c BK
|
| 952 |
|
|
|0 0
|1 0
|2 ddc
|4 0
|6 363_883095400000000_VEN
|7 0
|9 52595
|a SCL
|b SCL
|c GEN
|d 2015-02-12
|e Gift: The Asia Foundation
|l 0
|o 363.8830954 VEN
|p 3020000167
|r 2015-02-12
|t 1
|w 2015-02-12
|y BK
|